Statistics for Capital cities closest to the Equator

Click here to take the quiz!

General Stats

  • This quiz has been taken 27 times
  • The average score is 6 of 10

Answer Stats

LatitudeAnswer% Correct
0.18° SQuito
92%
1.29° SNairobi
88%
0.35° NKampala
73%
1.35° NSingapore
62%
2.05° NMogadishu
62%
1.97° SKigali
58%
0.42° NLibreville
54%
0.33° NSão Tomé
46%
1.45° NTarawa
23%
0.55° SYaren
15%

Score Distribution

Percentile by Number Answered

Percent of People with Each Score

Your Score History

You have not taken this quiz